| 000 | 00754cam a2200253 4500500 | ||
|---|---|---|---|
| 005 | 20260329003820.0 | ||
| 041 | _afre | ||
| 042 | _adc | ||
| 100 | 1 | 0 |
_aLacroix, Samuel _eauthor |
| 245 | 0 | 0 | _aBenoît Hamon, Pierre-Yves Gomez. Le travail n’est pas une valeur ! |
| 260 | _c2017. | ||
| 500 | _a82 | ||
| 690 | _aBenoît Hamon | ||
| 690 | _aDémocratie | ||
| 690 | _aGauche | ||
| 690 | _aPierre-Yves Gomez | ||
| 690 | _aPolitique | ||
| 690 | _aRevenu de base | ||
| 690 | _aRevenu universel | ||
| 690 | _aRobotisation | ||
| 690 | _aTravail | ||
| 786 | 0 | _nPhilosophie magazine | 108 | 4 | 2017-04-01 | p. 2-4 | 1951-1787 | |
| 856 | 4 | 1 | _uhttps://shs.cairn.info/magazine-philosophie-magazine-2017-4-page-2?lang=fr&redirect-ssocas=7080 |
| 999 |
_c1827939 _d1827939 |
||